000 01585nam a2200349 i 4500
003 EG-GICUC
005 20260121101345.0
008 251125s2023 ua d|||fr|||| 00| 0 ara d
017 _a١٥٦١٧ / ٢٠٢٢
020 _a978-977-94-2658-7
040 _a EG-GICUC
_bara
_c EG-GICUC
_d EG-GICUC
_erda
041 0 _aara
082 0 4 _221
_a345.666
_bأ ح . ا
092 0 4 _221
099 _aLaw1 07 345.666 أ ح . ا 2023
100 0 _aأحمد هشام فرحات الموجي
_eمؤلف.
245 1 2 _aالاتجاهات الحديثة للقضاء في الرقابة على القرارات الإدارية المتعلقة بطلاب الجامعات :
_b(دراسة مقارنة)،
_nالمجلد الثاني /
_cالقاضي الدكتور أحمد هشام فرحات الموجي.
264 3 _aالقاهرة :
_bدار أبو المجد،
_c2023.
300 _a973 صفحة :
_bإيضاحيات ؛
_c24 سم.
336 _2rda content
_atext
337 _2rda media
_aComputer
338 _2rda carrier
_aOnline Resource
490 _3الموسوعة القانونية لطلاب الجامعات
504 _aيشتمل على إرجاعات ببليوغرافية.
546 _aالنص أغلبه باللغة العربية مع بعض النصوص الفرنسية
650 1 4 _aالقانون الإداري
_2qrmak
650 1 4 _aتنفيذ القرارات الإدارية عن طريق القضاء
_2qrmak
651 1 _2qrmak
856 4 0 _uhttps://fll.law.cu.edu.eg/fulltext/bks/B07-01147.pdf
905 _a32
_eYara
942 _2ddc
_cBK
_e21
_n0
999 _c46075
_d46075